| 000 | 00765 a2200289 4500 | ||
|---|---|---|---|
| 005 | 20260323081840.0 | ||
| 008 | 260323b |||||||| |||| 00| 0 eng d | ||
| 041 | _aFr | ||
| 044 | _aCIV | ||
| 090 | _bDG/N/4005 | ||
| 100 | _a LEKADOU, t.t. | ||
| 100 | _aTRAORE, Siaka | ||
| 100 | _aOCHOU, g. E. C. | ||
| 110 | _aCentre National de Recherche Agronomique | ||
| 110 | _bCote d'Ivoire | ||
| 245 |
_aBien rentabiliser sa cocoteraie en y associant le bananier plantain (Musa sp) _b(Fiche Technique) |
||
| 260 | _aAbidjan | ||
| 260 | _bCNRA | ||
| 260 | _c2025 | ||
| 302 | _a4 p. | ||
| 388 | _a2026-03-23 | ||
| 650 |
_2AGROVOC _gCote d'Ivoire |
||
| 650 | _gBananier plantain | ||
| 650 | _gCocoteraie | ||
| 650 | _gRentabiliser | ||
| 650 | _gAssociation | ||
| 999 |
_c6008 _d6008 |
||